<?xml version="1.0" encoding="UTF-8"?>
<record
    xmlns:xsi="http://www.w3.org/2001/XMLSchema-instance"
    xsi:schemaLocation="http://www.loc.gov/MARC21/slim http://www.loc.gov/standards/marcxml/schema/MARC21slim.xsd"
    xmlns="http://www.loc.gov/MARC21/slim">

  <leader>01153nam a2200241 a 4500</leader>
  <controlfield tag="001">78096</controlfield>
  <controlfield tag="003">BD-RjUL</controlfield>
  <controlfield tag="005">20221016092507.0</controlfield>
  <controlfield tag="008">210321s2001    bg ||||| |||| 00| 0 ben d</controlfield>
  <datafield tag="035" ind1=" " ind2=" ">
    <subfield code="a">(BD-RjUL)78096</subfield>
  </datafield>
  <datafield tag="040" ind1=" " ind2=" ">
    <subfield code="a">BD-RjUL</subfield>
    <subfield code="b">ben </subfield>
    <subfield code="c">BD-RjUL</subfield>
    <subfield code="d">BD-RjUL</subfield>
  </datafield>
  <datafield tag="041" ind1=" " ind2=" ">
    <subfield code="a">ben </subfield>
  </datafield>
  <datafield tag="082" ind1=" " ind2=" ">
    <subfield code="2">23 </subfield>
    <subfield code="a">297.12541</subfield>
    <subfield code="b">BUS 2001</subfield>
  </datafield>
  <datafield tag="100" ind1="1" ind2=" ">
    <subfield code="a">&#x9AC;&#x9C1;&#x996;&#x9BE;&#x9B0;&#x9C0;, &#x9AE;&#x9C1;&#x9B9;&#x9BE;&#x9AE;&#x9CD;&#x9AE;&#x9A6; &#x987;&#x9AC;&#x9A8;&#x9C7; &#x987;&#x9B8;&#x9AE;&#x9BE;&#x987;&#x9B2;</subfield>
    <subfield code="9">237776</subfield>
  </datafield>
  <datafield tag="245" ind1="1" ind2="0">
    <subfield code="a">&#x9B8;&#x9B9;&#x9C0;&#x9B9; &#x986;&#x9B2; &#x9AC;&#x9C1;&#x996;&#x9BE;&#x9B0;&#x9C0; =  &#x635;&#x62D;&#x64A;&#x62D; &#x627;&#x644;&#x628;&#x62E;&#x627;&#x631;&#x64A;  /</subfield>
    <subfield code="c">&#x9AC;&#x9C1;&#x996;&#x9BE;&#x9B0;&#x9C0;, &#x9AE;&#x9C1;&#x9B9;&#x9BE;&#x9AE;&#x9CD;&#x9AE;&#x9A6; &#x987;&#x9AC;&#x9A8;&#x9C7; &#x987;&#x9B8;&#x9AE;&#x9BE;&#x987;&#x9B2;; &#x9B8;&#x9AE;&#x9CD;&#x9AA;&#x9BE;&#x9A6;&#x9A8;&#x9BE;&#x9AF;&#x9BC; ; &#x986;&#x9AB;&#x9B2;&#x9BE;&#x9A4;&#x9C1;&#x9B2; &#x995;&#x9BE;&#x9AF;&#x9BC;&#x9B8;&#x9BE;&#x9B0;...[&#x985;&#x9A8;&#x9CD;&#x9AF;&#x9BE;&#x9A8;&#x9CD;&#x9AF;] / </subfield>
  </datafield>
  <datafield tag="260" ind1=" " ind2=" ">
    <subfield code="a">&#x9A2;&#x9BE;&#x995;&#x9BE; :</subfield>
    <subfield code="b">&#x986;&#x9A7;&#x9C1;&#x9A8;&#x9BF;&#x995; &#x9AA;&#x9CD;&#x9B0;&#x995;&#x9BE;&#x9B6;&#x9A8;&#x9C0;,</subfield>
    <subfield code="c">&#x9E8;&#x9E6;&#x9E6;&#x9E7;</subfield>
  </datafield>
  <datafield tag="300" ind1=" " ind2=" ">
    <subfield code="a"> &#x996;&#x9A8;&#x9CD;&#x9A1; ;</subfield>
    <subfield code="c">&#x9E8;&#x9E7; &#x9B8;&#x9C7;&#x9AE;&#x9BF;. </subfield>
  </datafield>
  <datafield tag="505" ind1="0" ind2=" ">
    <subfield code="a">&#x996;&#x9A8;&#x9CD;&#x9A1; - &#x9EC;.--</subfield>
  </datafield>
  <datafield tag="650" ind1=" " ind2=" ">
    <subfield code="a">&#x9B9;&#x9BE;&#x9A6;&#x9C0;&#x9B8;, &#x9AC;&#x9C1;&#x996;&#x9BE;&#x9B0;&#x9C0;</subfield>
    <subfield code="x">&#x9AC;&#x999;&#x9CD;&#x997;&#x9BE;&#x9A8;&#x9C1;&#x9AC;&#x9BE;&#x9A6; &#x993; &#x9AC;&#x9CD;&#x9AF;&#x9BE;&#x996;&#x9BE;</subfield>
    <subfield code="9">237777</subfield>
  </datafield>
  <datafield tag="650" ind1=" " ind2=" ">
    <subfield code="a">Hadith, Bukhari</subfield>
    <subfield code="x">Translation and Interpretation</subfield>
    <subfield code="9">237778</subfield>
  </datafield>
  <datafield tag="700" ind1=" " ind2=" ">
    <subfield code="a">&#x995;&#x9BE;&#x9AF;&#x9BC;&#x9B8;&#x9BE;&#x9B0;, &#x986;&#x9AB;&#x9B2;&#x9BE;&#x9A4;&#x9C1;&#x9A8;.</subfield>
    <subfield code="9">5262</subfield>
  </datafield>
  <datafield tag="942" ind1=" " ind2=" ">
    <subfield code="2">ddc</subfield>
    <subfield code="c">BK</subfield>
  </datafield>
  <datafield tag="999" ind1=" " ind2=" ">
    <subfield code="c">78096</subfield>
    <subfield code="d">78096</subfield>
  </datafield>
  <datafield tag="952" ind1=" " ind2=" ">
    <subfield code="0">0</subfield>
    <subfield code="1">0</subfield>
    <subfield code="2">ddc</subfield>
    <subfield code="4">0</subfield>
    <subfield code="7">1</subfield>
    <subfield code="8">NFIC</subfield>
    <subfield code="a">RUCL</subfield>
    <subfield code="b">RUCL</subfield>
    <subfield code="c">Reading</subfield>
    <subfield code="d">2020-11-22</subfield>
    <subfield code="f">Author</subfield>
    <subfield code="g">350.00</subfield>
    <subfield code="o">B 297.12541 BUS V-6 2001</subfield>
    <subfield code="r">2021-03-21 00:00:00</subfield>
    <subfield code="t">C-1</subfield>
    <subfield code="y">BK</subfield>
  </datafield>
</record>
